WorkShape : a working person's guide to staying fit /

Bibliographic Details
Main Author: Berliner, Thomas H.
Format: Book
Language:English
Published: Dubuque, Iowa : W.C. Brown, [1986]
Subjects:

MARC

Tag First Indicator Second Indicator Subfields
LEADER 00000cam a2200000 a 4500
001 in00000404591
005 20151012051011.0
008 850508s1986 iaua 00110 eng
010 |a  85071681  
020 |a 0697007685 (pbk.) :  |c $9.95 
035 |a (OCoLC)12895713 
035 |9 ABT2857AM 
039 0 |a 2  |b 3  |c 3  |d 3  |e 3 
040 |a DLC  |c DLC  |d TXA  |d UtOrBLW 
049 |a TXAM  |c [A08629211] 
050 0 0 |a GV481  |b .B488 1986 
082 0 |a 613.7/1  |2 19 
100 1 |a Berliner, Thomas H. 
245 1 0 |a WorkShape :  |b a working person's guide to staying fit /  |c by Thomas H. Berliner. 
264 1 |a Dubuque, Iowa :  |b W.C. Brown,  |c [1986] 
264 4 |c ©1986 
300 |a x, 174 pages :  |b illustrations ;  |c 24 cm. 
336 |a text  |b txt  |2 rdacontent 
337 |a unmediated  |b n  |2 rdamedia 
338 |a volume  |b nc  |2 rdacarrier 
500 |a "Pocket fitness diary" ([2] pages ; 36 x 20 cm.), folded in pocket. 
500 |a Includes index. 
650 0 |a Physical fitness  |x Planning. 
650 0 |a Working class  |x Physical training. 
740 0 |a Work shape. 
999 |a MARS 
999 f f |s 286f30e9-adfb-3e26-a141-3d77b883fe32  |i 06800a53-db46-3743-81e9-40424cf44e2b  |t 0 
952 f f |p normal  |a Texas A&M University  |b College Station  |c Sterling C. Evans Library  |d Evans: Library Stacks  |t 0  |e GV481 .B488 1986  |h Library of Congress classification  |i unmediated -- volume  |m A14808629211 
998 f f |a GV481 .B488 1986  |t 0  |l Evans: Library Stacks